Online
Catalog

Sistema de las contradicciones económicas, o filosofía de la miseria / (Record no. 24382)

MARC details
000 -CABECERA
campo de control de longitud fija 00825nam a2200229 a 4500
001 - NÚMERO DE CONTROL
campo de control 000024889
005 - FECHA Y HORA DE LA ÚLTIMA TRANSACCIÓN
campo de control 20200930023430.0
008 - DATOS DE LONGITUD FIJA--INFORMACIÓN GENERAL
campo de control de longitud fija 110207s1974 sp r 000 0 spa d
020 ## - NÚMERO INTERNACIONAL ESTÁNDAR DEL LIBRO
Número Internacional Estándar del Libro 8433402013
040 ## - FUENTE DE LA CATALOGACIÓN
Centro catalogador/agencia de origen DO-SdBNP
Lengua de catalogación spa
Centro/agencia transcriptor BNPHU
082 ## - NÚMERO DE LA CLASIFICACIÓN DECIMAL DEWEY
Número de clasificación nn*
Número de documento/Ítem nn*
049 ## - FONDOS LOCALES (OCLC)
Fondos de biblioteca BNGR
100 1# - ENTRADA PRINCIPAL--NOMBRE DE PERSONA
Nombre de persona Proudhon, P. J.
9 (RLIN) 51086
245 10 - MENCIÓN DE TÍTULO
Título Sistema de las contradicciones económicas, o filosofía de la miseria /
Mención de responsabilidad, etc. P. J. Proudhon ; traducción de Francisco Pi y Margall ; introducción de Diego Abad de Santillán.
260 ## - PUBLICACIÓN, DISTRIBUCIÓN, ETC.
Lugar de publicación, distribución, etc. Madrid :
Nombre del editor, distribuidor, etc. Júcar,
Fecha de publicación, distribución, etc. 1974.
300 ## - DESCRIPCIÓN FÍSICA
Extensión 360 p. ;
Dimensiones 18 cm.
490 1# - MENCIÓN DE SERIE
Mención de serie Biblioteca Júcar.
Designación de volumen o secuencia 31
500 ## - NOTA GENERAL
Nota general La biblioteca sólo posee el volumen 2.
700 1# - PUNTO DE ACCESO ADICIONAL--NOMBRE DE PERSONA
Nombre de persona Pi y Margall, Francisco,
Término indicativo de función/relación tr.
9 (RLIN) 51087
700 1# - PUNTO DE ACCESO ADICIONAL--NOMBRE DE PERSONA
Nombre de persona Abad de Santillán, Diego,
Término indicativo de función/relación introd.
9 (RLIN) 51088
830 #0 - PUNTO DE ACCESO ADICIONAL DE SERIE-TÍTULO UNIFORME
Título uniforme Biblioteca Júcar.
Designación de volumen o secuencia 31
9 (RLIN) 51089
Holdings
Estado de retiro Estado de pérdida Restricciones de uso No para préstamo Código de colección Localización permanente Ubicación/localización actual Ubicación en estantería Fecha de adquisición Número de inventario Total de préstamos Signatura topográfica completa Código de barras Fecha visto por última vez Precio válido a partir de Tipo de ítem Koha
        Monografías: Libros y Folletos General General En catalogación 07.02.2011 LF1   v. 2 24889-10 25.06.2020 25.06.2020 Préstamo en sala

Powered by Koha